LEADER 00772nam a2200193 i 4500 001 000000152957 003 CaOOAMICUS 005 20060908000000.0 008 060908s1928 it u000 u cat u 013 $a130298 040 $aSeMil$bita 100 1 $aUbach, Bonaventura.$0(OLS)http://semarc/name/7532 245 13$aEl Gčnesi /$cper dom Bonaventura Ubach. 300 $a289 p. 490 0 $aLa Biblia : versió dels textos originals i comentari pels monjos de Montserrat ;$v1. 830 3$aLa Biblia : versió dels textos originals i comentari pels monjos de Montserrat ;$v1.$0(OLS)http://semarc/title/21585 850 $aSeMil 852 $aSeMil$W1$xVenegono$y1$m2W V 101$j104901$B104901$CSeMilBibl$Z2$F114165 $81 996 $6245$aEl Gčnesi$9(OLS)http://semarc/title/223719 LEADER 00807nam a2200229 i 4500 001 000000075607 003 CaOOAMICUS 005 20220330120821.0 008 001020n it u000 u ita u 013 $a46779 020 $a8811204526 040 $aSeMil$bita 245 13$aIl Seicento. 700 1 $aFerroni, Giulio,$d<1943- >.$0(OLS)http://semarc/name/115691 700 1 $aFelici, Lucio,$d<1935-2017>.$0(OLS)http://semarc/name/9444 773 0 $tPoesia italiana.$dMilano : Garzanti, 1993.$gVolume2$w()1419 850 $aSeMil 852 $aSeMil$W1$xVenegono$y1$mSL1.D V 16$j41759$B41759$CSeMilBibl$Z2$F41763 $8I 961 $aAcquisto: Rappresentante 996 $6020$a8811204526$9(OLS)http://semarc/number/56205 996 $6245$aIl Seicento$9(OLS)http://semarc/title/27196